University Home | Library Home | Institutional Repository

Handbook of utilization of aquatic plants : (Record no. 68461)

MARC details
000 -LEADER
fixed length control field 00577cam6a220019300 4500
001 - CONTROL NUMBER
control field tmp15790531
003 - CONTROL NUMBER IDENTIFIER
control field UPRA
005 - DATE AND TIME OF LATEST TRANSACTION
control field 20190815105748.0
008 - FIXED-LENGTH DATA ELEMENTS--GENERAL INFORMATION
fixed length control field 951030s1969 it eng u
035 ## - SYSTEM CONTROL NUMBER
System control number (Sirsi) r35768
035 ## - SYSTEM CONTROL NUMBER
System control number (UPRA)tmp15790531
040 ## - CATALOGING SOURCE
Transcribing agency UPRA
100 1# - MAIN ENTRY--PERSONAL NAME
Personal name Little, E. C. S.
Linkage A34536.1
245 10 - TITLE STATEMENT
Title Handbook of utilization of aquatic plants :
Remainder of title a review of world literature.
260 ## - PUBLICATION, DISTRIBUTION, ETC.
Place of publication, distribution, etc. Rome :
Name of publisher, distributor, etc. FAO,
Date of publication, distribution, etc. 1969.
440 #0 - SERIES STATEMENT/ADDED ENTRY--TITLE
Title FAO fisheries technical paper ;
Volume/sequential designation no. 187
Linkage S2421.1
949 ## - LOCAL PROCESSING INFORMATION (OCLC)
a (O8)Fis.Toc.187
w lcc
m MAIN
t BOOK
l ON-SHELF

No items available.

© 2026 - The University of Zambia Library - Koha v25.11